Family planning and child survival: 100 developing countries /

Gardado en:
Detalles Bibliográficos
Autor Principal: Ross, John A.
Outros autores: Rich, Marjorie Molzan, Janet P. Pensak, Michael
Formato: Texto
Publicado: New York
Materias:
Etiquetas: Engadir etiqueta
Sen Etiquetas, Sexa o primeiro en etiquetar este rexistro!

MARC

LEADER 00000 a a2200000 04500
001 34558
003
040
020 |a 0-9620952-0-6  
090 |a 1002 R823f  
100 |a Ross, John A.  
245 |a Family planning and child survival: 100 developing countries /  |c John A. Ross 
260 |a New York  
300 |a 248 p.  
650 |a BAJA DE LA MORTALIDAD  
650 |a PLANIFICACION FAMILIAR  
650 |a ABORTO  
650 |a METODOS ANTICONCEPTIVOS  
650 |a PROGRAMAS DE PLANIFICACION FAMILIAR  
650 |a DERECHOS REPRODUCTIVOS  
650 |a POLITICA  
650 |a PAISES EN DESARROLLO  
700 |a Rich, Marjorie   |a Molzan, Janet P.   |a Pensak, Michael  
999 |c 11977  |d 11977